Various Nordic Cross Flags - Statistics

General Stats
  • This quiz has been taken 23 times
  • The average score is 8 of 12
Answer Stats
Picture Answer % Correct
Denmark
100%
Finland
100%
Iceland
100%
Norway
100%
Sweden
100%
Faroe Islands
85%
Åland
60%
Orkney
50%
Shetland
50%
Scania
30%
Ingria
20%
South Uist
20%
No matching quizzes found
Score Distribution
Percent of People with Each Score
Percentile by Number Answered
Your Score History
You have not taken this quiz